<?xml version="1.0" encoding="UTF-8"?>
<record
    xmlns:xsi="http://www.w3.org/2001/XMLSchema-instance"
    xsi:schemaLocation="http://www.loc.gov/MARC21/slim http://www.loc.gov/standards/marcxml/schema/MARC21slim.xsd"
    xmlns="http://www.loc.gov/MARC21/slim">

  <leader>00784nab a2200193 i 4500</leader>
  <controlfield tag="001">BPP</controlfield>
  <controlfield tag="003">BPK</controlfield>
  <controlfield tag="005">20150120141646.0</controlfield>
  <controlfield tag="008">150120s1998    pl  |  |     |000 ||pol</controlfield>
  <datafield tag="040" ind1=" " ind2=" ">
    <subfield code="c">BPK</subfield>
  </datafield>
  <datafield tag="080" ind1=" " ind2=" ">
    <subfield code="a">633.49</subfield>
  </datafield>
  <datafield tag="100" ind1=" " ind2=" ">
    <subfield code="a">STYSZKO, Leszek.</subfield>
    <subfield code="d">1998 - .</subfield>
    <subfield code="b">Politechnika Koszali&#x144;ska - Wydzia&#x142; Budownictwa i In&#x17C;ynierii &#x15A;rodowiska,</subfield>
    <subfield code="c">Zak&#x142;ad Biologii &#x15A;rodowiskowej</subfield>
  </datafield>
  <datafield tag="245" ind1=" " ind2=" ">
    <subfield code="a">Relacje pomi&#x119;dzy ciemnieniem mi&#x105;&#x17C;szu bulw surowych i gotowanych a odporno&#x15B;ci&#x105; odmian ziemniaka na patogeny /</subfield>
    <subfield code="c">Leszek Styszko, T. Ohanowicz.</subfield>
  </datafield>
  <datafield tag="260" ind1=" " ind2=" ">
    <subfield code="c">1998.</subfield>
  </datafield>
  <datafield tag="500" ind1=" " ind2=" ">
    <subfield code="a">Dane z bibliografii za&#x142;&#x105;cznikowej.</subfield>
  </datafield>
  <datafield tag="650" ind1=" " ind2=" ">
    <subfield code="a">Ziemniaki - odmiany.</subfield>
  </datafield>
  <datafield tag="773" ind1=" " ind2=" ">
    <subfield code="i">W :</subfield>
    <subfield code="t">Progress in Plant Protection = Post&#x119;py w Ochronie Ro&#x15B;lin. -</subfield>
    <subfield code="g">1998, Vol.38 (2), s. 516-518</subfield>
  </datafield>
  <datafield tag="942" ind1=" " ind2=" ">
    <subfield code="c">ART</subfield>
    <subfield code="2">UKD</subfield>
  </datafield>
  <datafield tag="999" ind1=" " ind2=" ">
    <subfield code="c">1200</subfield>
    <subfield code="d">1200</subfield>
  </datafield>
</record>
